Miasta z najwyższymi budynkami - Statystyki

Ogólne statystyki
  • Ten quiz został rozwiązany 4 394 razy
  • Średni wynik to 10 z 30
Statystyki odpowiedzi
Wysokość Budynek Miasto % Poprawnych
828 Burdż Chalifa Dubaj
95%
541 One World Trade Center Nowy Jork
92%
528 China Zun Pekin
78%
374 Wieża Federacji Moskwa
75%
632 ________ Tower Szanghaj
60%
381 Burdż Mohammed bin Rashid Abu Zabi
51%
462 Łachta Centr Petersburg
50%
442 Willis Tower Chicago
49%
555 Lotte World Tower Seul
49%
385 Capital Market Authority Headquarters Rijad
46%
484 International Commerce Centre Hongkong
43%
679 Merdeka 118 Kuala Lumpur
42%
508 ______101 Tajpej
37%
383 Autograph Tower Dżakarta
34%
385 Iconic Tower Kair
33%
413 Al Hamra Tower Kuwejt
28%
530 CTF Finance Centre Kanton
27%
476 Greenland Center Wuhan
26%
601 Abradż al-Bajt Mekka
25%
461 Landmark 81 Ho Chi Minh
10%
450 Greenland Square Zifeng Tower Nankin
9%
530 Goldin Finance 117 Tiencin
9%
412 Haeundae LCT Pusan
8%
599 Ping An Finance Center Shenzhen
7%
452 ________ IFS Tower T1 Changsha
4%
383 Eton Place ______ Tower 1 Dalian
3%
403 Logan Century Center 1 Nanning
3%
450 ______ IFS Suzhou
3%
429 _______ International Trade Center 1 Dongguan
2%
401 _______ International Financial Center T1 Guiyang
2%
Nie znaleziono quizów pasujących do podanych kryteriów
Rozkład punktacji
Procent ludzi z każdym wynikiem
Percentyl według liczby udzielonych odpowiedzi
Twoja historia wyników
Nie rozwiązałeś tego quizu